00000000nam##2200000za#4500
0019.648434
003CaOODSP
00520210615113106
007ta
008150407|2002||||xxc|||||     f|0| 0 eng|d
020 |a0-662-31522-7
040 |aCaOODSP|beng
043 |an-cn---
0861 |aH72-21/184-2002E
1101 |aCanada. |bHealth Canada.
24510|aSwallowing the hurt : |bexploring the links between anorexia, bulimia and violence against women and girls / |cPrepared by Shelley Moore.
260 |aOttawa - Ontario : |bHealth Canada |c2001, c2002.
300 |aii, 95p. : |bgraph, references, table ; |c28 cm.
5203 |aThis report examines the relationship between the experiences of violence and the development of eating disorders in women and girls. It presents prevalence rates, identifies and describes the links, and provides guidelines for the treatment of violence and eating disorders. The report is based on a review of literature and consultations with community workers, health practitioners and mental health professionals.
563 |aSoftcover
590 |a08-08|b2008-02-22
69007|aBehaviour|2gcpds
69007|aNutrition|2gcpds
69007|aSocial problems|2gcpds
69007|aViolence against children|2gcpds
69007|aViolence against women|2gcpds
7102 |aFREDA Centre for Research on Violence against Woment and Children.
7201 |aMoore, Shelley
77508|tRavaler sa douleur : |w(CaOODSP)9.681718
7760#|tSwallowing the hurt : |w(CaOODSP)9.688715